| Tag |
First Indicator |
Second Indicator |
Subfields |
| LEADER |
00000cam a2200000 a 4500 |
| 001 |
in00001410167 |
| 005 |
20151020060911.0 |
| 008 |
970807s1997 nyua b 001 0beng |
| 010 |
|
|
|a 97029308
|
| 020 |
|
|
|a 0679422617 (alk. paper)
|
| 035 |
|
|
|a (OCoLC)37457773
|
| 035 |
|
|
|9 AHN8134AM
|
| 040 |
|
|
|a DLC
|c DLC
|d TXA
|d UtOrBLW
|
| 043 |
|
|
|a e-gx---
|
| 049 |
|
|
|a TXAM
|
| 050 |
0 |
0 |
|a ML410.B8
|b S93 1997
|
| 082 |
0 |
0 |
|a 780/.92
|a B
|2 21
|
| 100 |
1 |
|
|a Swafford, Jan.
|
| 245 |
1 |
0 |
|a Johannes Brahms :
|b a biography /
|c Jan Swafford.
|
| 250 |
|
|
|a 1st ed.
|
| 264 |
|
1 |
|a New York :
|b Alfred A. Knopf :
|c 1997.
|
| 264 |
|
2 |
|a New York :
|b Distributed by Random House, Inc.,
|
| 300 |
|
|
|a xxii, 699 pages :
|b illustrations ;
|c 25 cm.
|
| 336 |
|
|
|a text
|b txt
|2 rdacontent
|
| 337 |
|
|
|a unmediated
|b n
|2 rdamedia
|
| 338 |
|
|
|a volume
|b nc
|2 rdacarrier
|
| 504 |
|
|
|a Includes bibliographical references (pages [671]-678) and index.
|
| 600 |
1 |
0 |
|a Brahms, Johannes,
|d 1833-1897.
|
| 650 |
|
0 |
|a Composers
|z Germany
|v Biography.
|
| 948 |
|
|
|a c:jal
|
| 999 |
|
|
|a MARS
|
| 999 |
f |
f |
|s 4e7ae012-bf1c-3059-99b4-51ee614e79ce
|i 989d4cf0-de8d-3b02-8ad1-62797344bb4f
|t 0
|
| 952 |
f |
f |
|p ric
|a Texas A&M University
|b Rellis Campus
|c Joint Library Facility
|d Remote Storage
|t 0
|e ML410.B8 S93 1997
|h Library of Congress classification
|i unmediated -- volume
|m A14822377438
|
| 998 |
f |
f |
|a ML410.B8 S93 1997
|t 0
|l Remote Storage
|